[Event "DEM U12 2018"]
[Site "Willingen GER"]
[Date "2018.05.26"]
[Round "11"]
[White "Sieber, Bert"]
[Black "Wildermuth, Nikolas Karl"]
[Result "0-1"]
[Termination "normal"]
[Board "22"]
[WhiteElo "1453"]
[BlackElo "1495"]
[PlyCount "74"]
[WhiteFideId "16265971"]
[BlackFideId "16244699"]
[EventCountry "GER"]
[EventRounds "11"]
[EventType "swiss"]
[EventDate "2018.05.19"]

1. c4 c5 2. Nc3 Nc6 3. d3 g6 4. g3 Bg7 5. Bg2 d6 6. Nf3 e5 7. O-O Nge7 8. a3 a5
9. Rb1 O-O 10. Nd2 f5 11. Nd5 Bf6 12. b4 axb4 13. axb4 h5 14. b5 Nd4 15. Nb3
Ne6 16. e3 Kg7 17. f4 Nxd5 18. Bxd5 Ra7 19. Bb2 b6 20. Ra1 Rff7 21. Qc2 Rfe7
22. Bg2 Qh8 23. h4 Kf8 24. Kh2 exf4 25. Bxf6 fxg3+ 26. Kxg3 Qxf6 27. Rae1 Ra3
28. Rf2 Qe5+ 29. Kf3 Bb7+ 30. Ke2 Rxb3 31. Qxb3 Nd4+ 32. Kd2 Nxb3+ 33. Kc2 Nd4+
34. Kc1 Bxg2 35. Rxg2 Nb3+ 36. Kc2 Nd4+ 37. Kc1 Nf3 0-1

[Event "DEM U12 2018"]
[Site "Willingen GER"]
[Date "2018.05.26"]
[Round "11"]
[White "Movsisyan, Andranik"]
[Black "Schwartz, Oliver"]
[Result "1-0"]
[Termination "normal"]
[Board "23"]
[WhiteElo "1654"]
[BlackElo "1651"]
[PlyCount "93"]
[WhiteFideId "16240391"]
[BlackFideId "16207459"]
[EventCountry "GER"]
[EventRounds "11"]
[EventType "swiss"]
[EventDate "2018.05.19"]

1. e4 c5 2. Nf3 Nc6 3. d4 cxd4 4. Nxd4 Nf6 5. Nc3 e5 6. Ndb5 d6 7. Bg5 a6 8.
Na3 b5 9. Nd5 Be7 10. Bxf6 Bxf6 11. c4 b4 12. Nc2 a5 13. Qf3 Bg5 14. h4 Be7 15.
g4 Be6 16. c5 Na7 17. Nce3 Rc8 18. cxd6 Bxd6 19. Nf5 Bxf5 20. gxf5 Rc2 21. Qg3
Kf8 22. Rg1 Rg8 23. f6 g6 24. Qg5 Qc8 25. Qh6+ Ke8 26. Rb1 Bc5 27. Rg2 Qh3 28.
Qxh7 Kd8 29. Qh6 Ke8 30. Rd1 Bd4 31. Rc1 Rxb2 32. Qh7 Rf8 33. Qg7 Qf3 34. Rc8+
Kd7 35. Rc7+ Ke6 36. Re7+ Kd6 37. Re6+ Kd7 38. Rd6+ Kxd6 39. Qxf8+ Kc6 40. Qe8+
Kb7 41. Qd7+ Kb8 42. Qd6+ Kb7 43. Ba6+ Ka8 44. Nc7+ Kb8 45. Nb5+ Ka8 46. Qd8+
Nc8 47. Qxc8# 1-0

[Event "DEM U12 2018"]
[Site "Willingen GER"]
[Date "2018.05.26"]
[Round "11"]
[White "Greßler, Christian"]
[Black "Gerdes, Jannes"]
[Result "1/2-1/2"]
[Termination "normal"]
[Board "24"]
[WhiteElo "1290"]
[BlackElo "1492"]
[PlyCount "97"]
[WhiteFideId "16244907"]
[BlackFideId "16254627"]
[EventCountry "GER"]
[EventRounds "11"]
[EventType "swiss"]
[EventDate "2018.05.19"]

1. d4 Nf6 2. Nf3 e6 3. Bf4 c5 4. e3 Nc6 5. c3 d5 6. Nbd2 Bd6 7. Bg3 b6 8. Bd3
Bb7 9. Bxd6 Qxd6 10. O-O O-O 11. Qc2 e5 12. dxe5 Nxe5 13. Nxe5 Qxe5 14. Nf3 Qc7
15. Rfe1 Rfe8 16. Rad1 Rad8 17. h3 h6 18. Nh2 Qc6 19. f3 Re7 20. Qe2 Qc8 21.
Ng4 Nxg4 22. hxg4 a6 23. Qf2 Rde8 24. Re2 Qc7 25. Rde1 Qd8 26. Qh4 Qd6 27. g5
Rc7 28. gxh6 Qxh6 29. Qxh6 gxh6 30. e4 c4 31. Bc2 Rce7 32. Kf2 dxe4 33. Bxe4
Bxe4 34. Rxe4 Kf8 35. Rxe7 Rxe7 36. Rxe7 Kxe7 37. Ke3 Kd6 38. Kd4 b5 39. b3
cxb3 40. axb3 a5 41. Kd3 h5 42. c4 b4 43. Kd4 f6 44. g3 Kc6 45. f4 f5 46. Ke3
Kc5 47. Kd3 Kd6 48. Kd4 Kc6 49. Ke3 1/2-1/2

[Event "DEM U12 2018"]
[Site "Willingen GER"]
[Date "2018.05.26"]
[Round "11"]
[White "Stepanov, Maximilian"]
[Black "Sinnhöfer, Joshua"]
[Result "0-1"]
[Termination "normal"]
[Board "25"]
[WhiteElo "1300"]
[BlackElo "1536"]
[PlyCount "78"]
[WhiteFideId "16244680"]
[BlackFideId "16201361"]
[EventCountry "GER"]
[EventRounds "11"]
[EventType "swiss"]
[EventDate "2018.05.19"]

1. d4 d5 2. c4 e5 3. dxe5 d4 4. e3 Bb4+ 5. Bd2 dxe3 6. Qa4+ Bd7 7. Qxb4 exd2+
8. Nxd2 Nc6 9. Qc3 Qe7 10. Ngf3 O-O-O 11. O-O-O Bf5 12. Nb3 Nh6 13. h3 Nb4 14.
Rxd8+ Rxd8 15. Qd2 Rxd2 16. Kxd2 Nxa2 17. Bd3 Qb4+ 18. Ke2 Bxd3+ 19. Kxd3 Qxb3+
20. Ke4 Qxc4+ 21. Ke3 Nf5+ 22. Kd2 Nb4 23. Rc1 Qd3+ 24. Ke1 Nc2+ 25. Rxc2 Qxc2
26. Kf1 Nh4 27. Ne1 Qxb2 28. g3 Ng6 29. f4 Qc3 30. Kf2 a5 31. Ng2 a4 32. g4
Qxh3 33. f5 Nxe5 34. g5 Qf3+ 35. Kg1 Ng4 36. g6 hxg6 37. fxg6 fxg6 38. Nh4 Qf2+
39. Kh1 Qf1# 0-1

[Event "DEM U12 2018"]
[Site "Willingen GER"]
[Date "2018.05.26"]
[Round "11"]
[White "Felten, Maximilian"]
[Black "May, Alexander"]
[Result "1-0"]
[Termination "normal"]
[Board "26"]
[WhiteElo "1664"]
[BlackElo "1373"]
[PlyCount "49"]
[WhiteFideId "4004949"]
[BlackFideId "16244974"]
[EventCountry "GER"]
[EventRounds "11"]
[EventType "swiss"]
[EventDate "2018.05.19"]

1. d4 Nf6 2. Nf3 g6 3. e3 Bg7 4. Bd3 O-O 5. O-O d6 6. Nbd2 Nbd7 7. c3 c5 8. e4
b6 9. Re1 Bb7 10. e5 dxe5 11. dxe5 Ng4 12. e6 fxe6 13. Rxe6 Nde5 14. Nxe5 Nxe5
15. Bc2 Qd5 16. Be4 Qxe6 17. Bxb7 Rad8 18. Qe2 Qd7 19. Be4 Bh6 20. c4 Bxd2 21.
Bd5+ e6 22. Qxe5 exd5 23. Bxd2 dxc4 24. Bc3 Qf5 25. Qg7# 1-0

[Event "DEM U12 2018"]
[Site "Willingen GER"]
[Date "2018.05.26"]
[Round "11"]
[White "Ljuca, Semir"]
[Black "Dornheim, Carl Friedrich"]
[Result "1-0"]
[Termination "normal"]
[Board "27"]
[WhiteElo "1344"]
[BlackElo "1441"]
[PlyCount "171"]
[WhiteFideId "16216130"]
[BlackFideId "16252314"]
[EventCountry "GER"]
[EventRounds "11"]
[EventType "swiss"]
[EventDate "2018.05.19"]

1. e4 e5 2. Nf3 Nc6 3. Bc4 Bc5 4. c3 Nf6 5. d3 a6 6. O-O Ba7 7. Re1 d6 8. Nbd2
h6 9. Nf1 g5 10. Ng3 g4 11. Nd2 h5 12. Ndf1 Rg8 13. Be3 h4 14. Nh1 Nh5 15. g3
hxg3 16. fxg3 Qf6 17. Bxa7 Rxa7 18. Nd2 Rg7 19. Rf1 Qh6 20. Qe2 f6 21. Rae1 Ke7
22. Qf2 Bd7 23. d4 Ra8 24. Nb3 Rf8 25. Bd3 Rg5 26. Qe3 Qg6 27. Re2 f5 28. Ref2
f4 29. gxf4 Nxf4 30. Rxf4 exf4 31. Rxf4 Rxf4 32. Qxf4 Qf6 33. Qxf6+ Kxf6 34.
Ng3 Ne7 35. e5+ dxe5 36. Ne4+ Kg6 37. Nxg5+ Kxg5 38. dxe5 Nc6 39. Be4 b6 40. e6
Be8 41. Bxc6 Bxc6 42. Nd4 Be8 43. Kg2 Kf6 44. Kg3 c5 45. Ne2 Kxe6 46. Kxg4 b5
47. h4 Kf6 48. h5 Kg7 49. Kg5 Bf7 50. h6+ Kh7 51. a3 Bb3 52. Ng3 a5 53. Nh5 b4
54. Nf6+ Kh8 55. h7 bxa3 56. bxa3 a4 57. Kf4 c4 58. Ke4 Kg7 59. Kd5 Kh8 60. Kc5
Kg7 61. Kb4 Kh8 62. Kb5 Kg7 63. Ne8+ Kxh7 64. Nd6 Kg7 65. Nxc4 Kf7 66. Nb6 Ke7
67. Nxa4 Kd7 68. Nc5+ Kc7 69. Nxb3 Kb7 70. c4 Kc7 71. c5 Kb7 72. c6+ Kc7 73.
Nd4 Kc8 74. Kb6 Kb8 75. c7+ Kc8 76. a4 Kd7 77. Kb7 Ke7 78. c8=Q Kf6 79. Qe6+
Kg5 80. Qf5+ Kh4 81. Qg6 Kh3 82. Qg5 Kh2 83. Qg4 Kh1 84. Ne2 Kh2 85. Qg3+ Kh1
86. Qg1# 1-0

[Event "DEM U12 2018"]
[Site "Willingen GER"]
[Date "2018.05.26"]
[Round "11"]
[White "Niemann, Leon"]
[Black "Hochlenert, Ben"]
[Result "1-0"]
[Termination "normal"]
[Board "28"]
[WhiteElo "1563"]
[BlackElo "1023"]
[PlyCount "89"]
[WhiteFideId "16218388"]
[BlackFideId "16265980"]
[EventCountry "GER"]
[EventRounds "11"]
[EventType "swiss"]
[EventDate "2018.05.19"]

1. e4 e5 2. Nf3 Nc6 3. Bc4 Bc5 4. c3 Nf6 5. d3 d6 6. Nbd2 Be6 7. Bb5 O-O 8. Nf1
Ne7 9. Ng3 Bg4 10. h3 Bxf3 11. Qxf3 c6 12. Ba4 d5 13. O-O h6 14. Bxh6 gxh6 15.
Qxf6 Ng6 16. Nh5 Qxf6 17. Nxf6+ Kh8 18. Nd7 b6 19. Nxf8 Rxf8 20. Bxc6 d4 21. g3
Rg8 22. Kh2 dxc3 23. bxc3 Rd8 24. Bd5 Kg7 25. f4 f6 26. fxe5 fxe5 27. Rf7+ Kh8
28. Rxa7 Rd6 29. Rf1 Rd8 30. Rff7 Nf8 31. Rg7 Rxd5 32. exd5 b5 33. Rac7 Bd6 34.
Rb7 Ba3 35. Rgc7 Bd6 36. Rc8 Kg8 37. c4 bxc4 38. dxc4 h5 39. c5 e4 40. cxd6 h4
41. gxh4 e3 42. Kg2 e2 43. Kf2 e1=Q+ 44. Kxe1 Kh8 45. Rxf8# 1-0

[Event "DEM U10 2018"]
[Site "Willingen GER"]
[Date "2018.05.20"]
[Round "1"]
[White "Deuer, Marius"]
[Black "Bongardt, Livius"]
[Result "1-0"]
[Termination "normal"]
[Board "1"]
[WhiteElo "1842"]
[BlackElo "1398"]
[WhiteClock "00:28:06"]
[BlackClock "00:39:32"]
[PlyCount "65"]
[WhiteFideId "16236432"]
[BlackFideId "16265718"]
[EventCountry "GER"]
[EventRounds "11"]
[EventType "swiss"]
[EventDate "2018.05.19"]

1. e4 {[%clk 1:15:59]} 1... e5 {[%clk 1:15:43]} 2. Nf3 {[%clk 1:16:22]} 2...
Nc6 {[%clk 1:16:02]} 3. Bb5 {[%clk 1:16:46]} 3... a6 {[%clk 1:16:01]} 4. Ba4 {
[%clk 1:17:08]} 4... b5 {[%clk 1:12:43]} 5. Bb3 {[%clk 1:17:32]} 5... Bb7 {
[%clk 1:10:22]} 6. c3 {[%clk 1:10:26]} 6... Bc5 {[%clk 1:03:40]} 7. O-O { [%clk
1:06:40]} 7... d6 {[%clk 1:00:20]} 8. d4 {[%clk 1:02:27]} 8... exd4 { [%clk
0:58:55]} 9. cxd4 {[%clk 0:59:16]} 9... Bb6 {[%clk 0:59:04]} 10. Ng5 { [%clk
0:58:08]} 10... Nh6 {[%clk 0:58:03]} 11. Nf3 {[%clk 0:51:45]} 11... Qe7 { [%clk
0:54:38]} 12. e5 {[%clk 0:46:34]} 12... dxe5 {[%clk 0:52:30]} 13. dxe5 { [%clk
0:44:50]} 13... Nf5 {[%clk 0:52:29]} 14. Bg5 {[%clk 0:44:03]} 14... Qd7 { [%clk
0:49:21]} 15. Qxd7+ {[%clk 0:39:34]} 15... Kxd7 {[%clk 0:49:40]} 16. Bxf7
{[%clk 0:39:51]} 16... h6 {[%clk 0:48:57]} 17. e6+ {[%clk 0:38:42]} 17... Kc8 {
[%clk 0:49:16]} 18. Bf4 {[%clk 0:37:55]} 18... Bd4 {[%clk 0:47:00]} 19. Nxd4 {
[%clk 0:32:22]} 19... Nfxd4 {[%clk 0:47:08]} 20. Nc3 {[%clk 0:32:24]} 20... b4
{[%clk 0:47:30]} 21. Nd5 {[%clk 0:32:19]} 21... Ne2+ {[%clk 0:39:50]} 22. Kh1 {
[%clk 0:32:39]} 22... Nxf4 {[%clk 0:39:53]} 23. Nxf4 {[%clk 0:32:59]} 23... Ne7
{[%clk 0:40:00]} 24. Rfd1 {[%clk 0:29:35]} 24... Bc6 {[%clk 0:39:41]} 25. Rac1
{[%clk 0:27:54]} 25... Rd8 {[%clk 0:38:46]} 26. Rxd8+ {[%clk 0:27:54]} 26...
Kxd8 {[%clk 0:39:14]} 27. Rd1+ {[%clk 0:28:14]} 27... Kc8 {[%clk 0:39:33]} 28.
Ng6 {[%clk 0:27:22]} 28... Nxg6 {[%clk 0:39:35]} 29. Bxg6 {[%clk 0:27:41]}
29... Kb7 {[%clk 0:39:21]} 30. e7 {[%clk 0:27:54]} 30... Be8 {[%clk 0:39:16]}
31. Be4+ {[%clk 0:28:04]} 31... c6 {[%clk 0:39:32]} 32. Rd8 {[%clk 0:28:24]}
32... Rc8 {[%clk 0:39:32]} 33. Bf5 {[%clk 0:28:06]} 1-0

[Event "DEM U10 2018"]
[Site "Willingen GER"]
[Date "2018.05.20"]
[Round "1"]
[White "Kieselbach, Jannik"]
[Black "Costa, Leonardo"]
[Result "0-1"]
[Termination "normal"]
[Board "2"]
[WhiteElo "1397"]
[BlackElo "1848"]
[WhiteClock "00:18:03"]
[BlackClock "00:34:59"]
[PlyCount "102"]
[WhiteFideId "16246403"]
[BlackFideId "16213955"]
[EventCountry "GER"]
[EventRounds "11"]
[EventType "swiss"]
[EventDate "2018.05.19"]

1. d4 {[%clk 1:15:57]} 1... Nf6 {[%clk 1:15:55]} 2. c4 {[%clk 1:16:07]} 2... g6
{[%clk 1:16:19]} 3. Nf3 {[%clk 1:16:20]} 3... Bg7 {[%clk 1:16:40]} 4. e3 {
[%clk 1:16:02]} 4... O-O {[%clk 1:16:56]} 5. Nc3 {[%clk 1:16:12]} 5... d6 {
[%clk 1:17:02]} 6. Qb3 {[%clk 1:15:39]} 6... c5 {[%clk 1:16:36]} 7. Be2 { [%clk
1:14:48]} 7... Na6 {[%clk 1:15:47]} 8. O-O {[%clk 1:13:54]} 8... Nc7 { [%clk
1:13:16]} 9. Rd1 {[%clk 1:11:43]} 9... Qe8 {[%clk 1:12:20]} 10. Qc2 { [%clk
0:57:25]} 10... a6 {[%clk 1:10:55]} 11. Qd3 {[%clk 0:54:40]} 11... Rb8 { [%clk
1:09:34]} 12. a4 {[%clk 0:52:28]} 12... b6 {[%clk 1:08:58]} 13. d5 { [%clk
0:50:42]} 13... Bg4 {[%clk 1:02:36]} 14. e4 {[%clk 0:47:14]} 14... Bxf3 { [%clk
1:02:04]} 15. Bxf3 {[%clk 0:44:45]} 15... Nd7 {[%clk 0:59:43]} 16. Bf4 { [%clk
0:42:59]} 16... Ne5 {[%clk 0:59:19]} 17. Bxe5 {[%clk 0:41:30]} 17... Bxe5
{[%clk 0:59:44]} 18. Be2 {[%clk 0:39:57]} 18... e6 {[%clk 0:54:02]} 19. Re1 {
[%clk 0:38:37]} 19... exd5 {[%clk 0:52:32]} 20. exd5 {[%clk 0:38:17]} 20... Qd7
{[%clk 0:51:03]} 21. Bf3 {[%clk 0:35:30]} 21... b5 {[%clk 0:50:52]} 22. Be2 {
[%clk 0:28:32]} 22... bxc4 {[%clk 0:50:40]} 23. Qxc4 {[%clk 0:27:52]} 23...
Rxb2 {[%clk 0:50:25]} 24. Ne4 {[%clk 0:22:09]} 24... Rb4 {[%clk 0:49:26]} 25.
Qd3 {[%clk 0:18:12]} 25... Bxa1 {[%clk 0:42:26]} 26. Rxa1 {[%clk 0:18:36]}
26... Qf5 {[%clk 0:40:24]} 27. Bf3 {[%clk 0:16:39]} 27... Rd4 {[%clk 0:39:10]}
28. Qe2 {[%clk 0:15:11]} 28... Nxd5 {[%clk 0:38:05]} 29. Nxd6 {[%clk 0:14:36]}
29... Qe6 {[%clk 0:36:56]} 30. Ne4 {[%clk 0:14:22]} 30... c4 {[%clk 0:30:09]}
31. Re1 {[%clk 0:13:45]} 31... f5 {[%clk 0:29:35]} 32. Nc5 {[%clk 0:12:29]}
32... Qxe2 {[%clk 0:29:57]} 33. Bxe2 {[%clk 0:12:46]} 33... Re8 {[%clk 0:28:45]
} 34. Nxa6 {[%clk 0:12:07]} 34... Rxe2 {[%clk 0:29:06]} 35. Kf1 {[%clk 0:12:23]
} 35... Rxe1+ {[%clk 0:29:26]} 36. Kxe1 {[%clk 0:12:41]} 36... c3 { [%clk
0:29:45]} 37. Nc5 {[%clk 0:12:37]} 37... c2 {[%clk 0:30:09]} 38. Nb3 { [%clk
0:12:59]} 38... Rd1+ {[%clk 0:30:31]} 39. Ke2 {[%clk 0:13:18]} 39... c1=Q
{[%clk 0:30:51]} 40. Nxc1 {[%clk 0:13:44]} 40... Rxc1 {[%clk 0:31:16]} 41. a5 {
[%clk 0:14:09]} 41... Ra1 {[%clk 0:31:44]} 42. f4 {[%clk 0:14:29]} 42... Rxa5 {
[%clk 0:32:10]} 43. g4 {[%clk 0:14:55]} 43... fxg4 {[%clk 0:32:34]} 44. f5 {
[%clk 0:15:20]} 44... gxf5 {[%clk 0:32:56]} 45. h3 {[%clk 0:15:44]} 45... gxh3
{[%clk 0:33:18]} 46. Kf2 {[%clk 0:16:00]} 46... h2 {[%clk 0:33:40]} 47. Kg3 {
[%clk 0:16:26]} 47... h1=Q {[%clk 0:33:53]} 48. Kf2 {[%clk 0:16:52]} 48... Ra2+
{[%clk 0:34:15]} 49. Kg3 {[%clk 0:17:16]} 49... Qg2+ {[%clk 0:34:23]} 50. Kh4 {
[%clk 0:17:39]} 50... Ra4+ {[%clk 0:34:41]} 51. Kh5 {[%clk 0:18:03]} 51... Qg6#
{[%clk 0:34:59]} 0-1

[Event "DEM U10 2018"]
[Site "Willingen GER"]
[Date "2018.05.20"]
[Round "1"]
[White "Nitsche, Nikolai"]
[Black "Bräutigam, Alexander"]
[Result "1-0"]
[Termination "normal"]
[Board "3"]
[WhiteElo "1810"]
[BlackElo "1323"]
[WhiteClock "00:31:56"]
[BlackClock "00:45:43"]
[PlyCount "65"]
[WhiteFideId "16221036"]
[BlackFideId "16245210"]
[EventCountry "GER"]
[EventRounds "11"]
[EventType "swiss"]
[EventDate "2018.05.19"]

1. e4 {[%clk 1:15:57]} 1... c5 {[%clk 1:15:55]} 2. Nf3 {[%clk 1:16:12]} 2... a6
{[%clk 1:16:07]} 3. c4 {[%clk 1:16:16]} 3... Nc6 {[%clk 1:16:28]} 4. Nc3 {
[%clk 1:15:34]} 4... d6 {[%clk 1:16:20]} 5. Be2 {[%clk 1:14:29]} 5... Nf6 {
[%clk 1:16:24]} 6. d4 {[%clk 1:14:40]} 6... cxd4 {[%clk 1:16:38]} 7. Nxd4 {
[%clk 1:14:39]} 7... Bd7 {[%clk 1:16:31]} 8. O-O {[%clk 1:12:24]} 8... e6 {
[%clk 1:15:19]} 9. Be3 {[%clk 1:06:01]} 9... Be7 {[%clk 1:14:06]} 10. Qd2 {
[%clk 0:58:31]} 10... O-O {[%clk 1:13:47]} 11. Rfd1 {[%clk 0:54:33]} 11... Be8
{[%clk 1:11:13]} 12. Rac1 {[%clk 0:49:14]} 12... Rc8 {[%clk 1:08:49]} 13. f3 {
[%clk 0:46:53]} 13... Ne5 {[%clk 1:02:40]} 14. b3 {[%clk 0:45:41]} 14... Ng6 {
[%clk 1:01:30]} 15. Kh1 {[%clk 0:41:48]} 15... e5 {[%clk 0:52:05]} 16. Nf5 {
[%clk 0:41:36]} 16... Rc6 {[%clk 0:51:20]} 17. c5 {[%clk 0:39:18]} 17... Qb8 {
[%clk 0:49:14]} 18. cxd6 {[%clk 0:36:33]} 18... Bd8 {[%clk 0:47:54]} 19. Nd5 {
[%clk 0:36:50]} 19... Rxc1 {[%clk 0:46:45]} 20. Rxc1 {[%clk 0:36:29]} 20... Bd7
{[%clk 0:46:13]} 21. Nfe7+ {[%clk 0:33:49]} 21... Bxe7 {[%clk 0:45:32]} 22.
dxe7 {[%clk 0:34:15]} 22... Re8 {[%clk 0:45:38]} 23. Nxf6+ {[%clk 0:34:41]}
23... gxf6 {[%clk 0:45:57]} 24. Qxd7 {[%clk 0:35:07]} 24... Nxe7 { [%clk
0:45:48]} 25. Qg4+ {[%clk 0:33:57]} 25... Ng6 {[%clk 0:45:57]} 26. h4 { [%clk
0:33:51]} 26... Kf8 {[%clk 0:45:58]} 27. h5 {[%clk 0:31:56]} 27... Nh8 { [%clk
0:45:43]} 28. Bc5+ {[%clk 0:31:56]} 28... Re7 {[%clk 0:45:43]} 29. Qd7 { [%clk
0:31:56]} 29... Kg7 {[%clk 0:45:43]} 30. Bxe7 {[%clk 0:31:56]} 30... Qa7 {[%clk
0:45:43]} 31. h6+ {[%clk 0:31:56]} 31... Kxh6 {[%clk 0:45:43]} 32. Bf8+ {[%clk
0:31:56]} 32... Kg6 {[%clk 0:45:43]} 33. Qf5# {[%clk 0:31:56]} 1-0

[Event "DEM U10 2018"]
[Site "Willingen GER"]
[Date "2018.05.20"]
[Round "1"]
[White "Sauer, Tim"]
[Black "Poschadel, Andreas Gregor"]
[Result "0-1"]
[Termination "normal"]
[Board "4"]
[WhiteElo "1378"]
[BlackElo "1771"]
[WhiteClock "00:45:01"]
[BlackClock "00:41:06"]
[PlyCount "24"]
[WhiteFideId "16265726"]
[BlackFideId "16204948"]
[EventCountry "GER"]
[EventRounds "11"]
[EventType "swiss"]
[EventDate "2018.05.19"]

1. d4 {[%clk 1:15:58]} 1... d5 {[%clk 1:15:51]} 2. Bf4 {[%clk 1:16:22]} 2... c5
{[%clk 1:16:07]} 3. e3 {[%clk 1:16:42]} 3... Nc6 {[%clk 1:16:29]} 4. Nf3 {
[%clk 1:17:04]} 4... Bf5 {[%clk 1:12:58]} 5. Bd3 {[%clk 1:15:51]} 5... Bg4 {
[%clk 1:10:04]} 6. c3 {[%clk 1:13:37]} 6... e6 {[%clk 1:07:06]} 7. Nbd2 { [%clk
1:06:52]} 7... Qb6 {[%clk 0:56:50]} 8. b3 {[%clk 0:50:14]} 8... Nf6 { [%clk
0:54:04]} 9. O-O {[%clk 0:46:09]} 9... Be7 {[%clk 0:49:19]} 10. h3 { [%clk
0:46:00]} 10... Bh5 {[%clk 0:47:33]} 11. dxc5 {[%clk 0:45:03]} 11... Qxc5
{[%clk 0:43:28]} 12. Rc1 {[%clk 0:45:01]} 12... e5 {[%clk 0:41:06]} 0-1

[Event "DEM U10 2018"]
[Site "Willingen GER"]
[Date "2018.05.20"]
[Round "1"]
[White "Hagner, Bennet"]
[Black "Udelnov, Valentin"]
[Result "1-0"]
[Termination "normal"]
[Board "5"]
[WhiteElo "1833"]
[BlackElo "1377"]
[WhiteClock "00:20:06"]
[BlackClock "00:11:09"]
[PlyCount "73"]
[WhiteFideId "16224477"]
[BlackFideId "16265734"]
[EventCountry "GER"]
[EventRounds "11"]
[EventType "swiss"]
[EventDate "2018.05.19"]

1. e4 {[%clk 1:15:54]} 1... e5 {[%clk 1:15:52]} 2. Nf3 {[%clk 1:16:20]} 2...
Nc6 {[%clk 1:16:14]} 3. d4 {[%clk 1:16:42]} 3... exd4 {[%clk 1:16:36]} 4. Bc4 {
[%clk 1:17:08]} 4... Nf6 {[%clk 1:16:54]} 5. O-O {[%clk 1:17:32]} 5... Be7 {
[%clk 1:17:05]} 6. e5 {[%clk 1:17:16]} 6... d5 {[%clk 1:16:58]} 7. exf6 { [%clk
1:17:38]} 7... Bxf6 {[%clk 1:16:49]} 8. Bb5 {[%clk 1:17:16]} 8... O-O { [%clk
1:16:54]} 9. Bxc6 {[%clk 1:17:32]} 9... bxc6 {[%clk 1:17:08]} 10. Nxd4 { [%clk
1:17:57]} 10... Re8 {[%clk 1:13:26]} 11. Nxc6 {[%clk 1:18:06]} 11... Qd6 {[%clk
1:13:20]} 12. Nd4 {[%clk 1:17:56]} 12... Ba6 {[%clk 1:13:27]} 13. Nf5 { [%clk
0:59:03]} 13... Qe5 {[%clk 1:06:24]} 14. Ne3 {[%clk 0:57:20]} 14... Bxf1 {[%clk
1:05:34]} 15. Qxf1 {[%clk 0:57:19]} 15... Qe4 {[%clk 0:58:38]} 16. Nd2 { [%clk
0:56:27]} 16... Qe6 {[%clk 0:52:34]} 17. c3 {[%clk 0:55:20]} 17... Bg5 { [%clk
0:48:45]} 18. Nf3 {[%clk 0:55:15]} 18... Bh6 {[%clk 0:45:58]} 19. Nd4 { [%clk
0:54:01]} 19... Qe4 {[%clk 0:43:43]} 20. Bd2 {[%clk 0:52:21]} 20... c5 { [%clk
0:40:37]} 21. Nb5 {[%clk 0:49:36]} 21... Bxe3 {[%clk 0:33:30]} 22. Bxe3 { [%clk
0:48:48]} 22... Qe7 {[%clk 0:33:05]} 23. Rd1 {[%clk 0:45:18]} 23... Red8 {[%clk
0:32:25]} 24. b4 {[%clk 0:42:29]} 24... c4 {[%clk 0:26:06]} 25. Nxa7 { [%clk
0:40:58]} 25... Rxa7 {[%clk 0:25:57]} 26. Bxa7 {[%clk 0:41:20]} 26... Qxa7
{[%clk 0:26:21]} 27. Qxc4 {[%clk 0:41:40]} 27... Qe7 {[%clk 0:24:22]} 28. Qd3
{[%clk 0:39:00]} 28... Qa7 {[%clk 0:22:46]} 29. Qe2 {[%clk 0:36:37]} 29... Qa4
{[%clk 0:22:12]} 30. b5 {[%clk 0:34:25]} 30... Qa3 {[%clk 0:21:10]} 31. g3
{[%clk 0:31:26]} 31... h6 {[%clk 0:18:10]} 32. b6 {[%clk 0:29:35]} 32... Qxc3 {
[%clk 0:16:42]} 33. Qe7 {[%clk 0:26:40]} 33... Rb8 {[%clk 0:14:48]} 34. Qd6 {
[%clk 0:23:21]} 34... Qc8 {[%clk 0:12:34]} 35. Rxd5 {[%clk 0:22:29]} 35... Qb7
{[%clk 0:11:54]} 36. Rc5 {[%clk 0:22:10]} 36... Qxb6 {[%clk 0:11:09]} 37. Rc8+
{[%clk 0:20:06]} 1-0

[Event "DEM U10 2018"]
[Site "Willingen GER"]
[Date "2018.05.20"]
[Round "1"]
[White "Cromm, Mika"]
[Black "von Mettenheim, Johannes"]
[Result "0-1"]
[Termination "normal"]
[Board "6"]
[WhiteElo "1374"]
[BlackElo "1581"]
[WhiteClock "00:59:19"]
[BlackClock "00:59:25"]
[PlyCount "61"]
[WhiteFideId "16244915"]
[BlackFideId "16244818"]
[EventCountry "GER"]
[EventRounds "11"]
[EventType "swiss"]
[EventDate "2018.05.19"]

1. d4 {[%clk 1:15:58]} 1... d5 {[%clk 1:15:51]} 2. c4 {[%clk 1:16:19]} 2... e6
{[%clk 1:16:13]} 3. a3 {[%clk 1:16:40]} 3... Nf6 {[%clk 1:16:21]} 4. Nc3 {
[%clk 1:17:02]} 4... Nbd7 {[%clk 1:16:21]} 5. Bf4 {[%clk 1:17:12]} 5... Be7 {
[%clk 1:16:30]} 6. e3 {[%clk 1:17:34]} 6... a6 {[%clk 1:16:55]} 7. Nf3 { [%clk
1:17:50]} 7... O-O {[%clk 1:17:18]} 8. Bd3 {[%clk 1:17:56]} 8... dxc4 { [%clk
1:17:37]} 9. Bxc4 {[%clk 1:18:18]} 9... b5 {[%clk 1:17:53]} 10. Bd3 { [%clk
1:18:41]} 10... Bb7 {[%clk 1:18:14]} 11. h3 {[%clk 1:18:20]} 11... c5 { [%clk
1:18:11]} 12. O-O {[%clk 1:18:37]} 12... cxd4 {[%clk 1:15:21]} 13. Nxd4 { [%clk
1:18:56]} 13... e5 {[%clk 1:15:39]} 14. Bxe5 {[%clk 1:18:23]} 14... Nxe5 {[%clk
1:16:06]} 15. Bf5 {[%clk 1:18:04]} 15... Nc4 {[%clk 1:13:21]} 16. Qc2 { [%clk
1:17:23]} 16... Rc8 {[%clk 1:12:20]} 17. Bxc8 {[%clk 1:17:22]} 17... Qxc8
{[%clk 1:12:35]} 18. Rac1 {[%clk 1:17:03]} 18... Qa8 {[%clk 1:11:53]} 19. Nf5 {
[%clk 1:15:27]} 19... Bc5 {[%clk 1:11:26]} 20. Nh4 {[%clk 1:14:49]} 20... Rd8 {
[%clk 1:09:31]} 21. Qf5 {[%clk 1:11:48]} 21... Nd5 {[%clk 1:07:08]} 22. Ne4 {
[%clk 1:07:41]} 22... Ndxe3 {[%clk 1:03:00]} 23. Qxc5 {[%clk 1:02:07]} 23...
Nxf1 {[%clk 1:03:24]} 24. Rxf1 {[%clk 1:01:23]} 24... Bxe4 {[%clk 1:03:48]} 25.
f3 {[%clk 1:01:11]} 25... Bg6 {[%clk 1:00:58]} 26. Qb4 {[%clk 0:58:37]} 26...
Qd5 {[%clk 0:59:36]} 27. b3 {[%clk 0:58:05]} 27... Qd4+ {[%clk 0:58:48]} 28.
Kh1 {[%clk 0:58:17]} 28... Qxh4 {[%clk 0:58:52]} 29. bxc4 {[%clk 0:58:38]}
29... Qxc4 {[%clk 0:59:01]} 30. Qa5 {[%clk 0:58:58]} 30... Qxf1+ { [%clk
0:59:25]} 31. Kh2 {[%clk 0:59:19]} 0-1